000 00980nam a2200253Ia 4500
001 18538
003 GE_BSU
008 181216s||||||||xx |||||||||||||| ||und||
020 _aISBN 978-9941-11-492-2
040 _cGE_BSU
080 _a821.111-32
100 _aმანრო, ელის.
245 _aძვირფასი სიცოცხლე : [მოთხრობები]
245 _cინგლ. თარგმნა გია ჭუმბურიძემ,
260 _aთბილისი
260 _bდიოგენე
260 _c2015
300 _a284 გვ,19 სმ.
520 _a- გარეკანზე: ტომ თომსონის "შემოდგომის ფარგლები" (ფრაგმენტი)
541 _h11ლ.90თ.
653 _aინგლისური მხატვრული ლიტერატურა.
653 _aმოთხრობები
942 _cBK
999 _c51547
_d51547